000 00722cam a22002293a 4500
001 18749
003 PGUSA
005 20140828083411.0
008 060703s2006||||xxu|||||s|||||000 | eng d
040 _aPGUSA
_beng
042 _adc
050 4 _aN
100 1 _aViollet-le-Duc, Eugène-Emmanuel,
_d1814-1879
245 1 0 _aL'art russe :
_bSes origines, ses éléments constitutifs, son apogée, son avenir (1877)
_h[electronic resource] /
_cEugène-Emmanuel Viollet-le-Duc
260 _bProject Gutenberg,
_c2006
506 _aPublic domain in the USA.
516 _aElectronic text
653 _aArt -- Russia
830 0 _aProject Gutenberg
_v18749
856 4 0 _uhttp://www.gutenberg.org/ebooks/18749
942 _cEB
999 _c248004
_d248004